[Event "77th Tata Steel GpB"]
[Site "Wijk aan Zee NED"]
[Date "2015.01.15"]
[Round "5.1"]
[White "Salem, A.R. Saleh"]
[Black "L'Ami, Erwin"]
[Result "0-1"]
[WhiteTitle "GM"]
[BlackTitle "GM"]
[WhiteElo "2603"]
[BlackElo "2613"]
[WhiteFideId "9301348"]
[BlackFideId "1007998"]
[EventDate "2015.01.10"]

1. d4 Nf6 2. c4 e6 3. Nc3 Bb4 4. e3 O-O 5. Ne2 d5 6. a3 Be7 7. cxd5 exd5 8. Nf4
c6 9. Bd3 Na6 10. O-O Nc7 11. Bc2 Ne6 12. Nd3 b6 13. b4 Ba6 14. b5 Bxb5 15. Nxb5
cxb5 16. Ne5 Bd6 17. f4 a6 18. Qf3 Qe7 19. Bb2 Qb7 20. Qe2 Rfe8 21. Rf3 Nf8 22.
Rh3 Ne4 23. Qh5 Rad8 24. Bxe4 dxe4 25. Ng4 f6 26. Rg3 Kh8 27. d5 Qe7 28. Qf5 Qd7
29. Qxf6 gxf6 30. Nxf6 Qg7 31. Rxg7 Kxg7 32. Nxe8+ Kf7 33. Nf6 Be7 34. Nxe4 Rxd5
35. Kf2 Ne6 36. Ke2 Nc5 37. Nc3 Rh5 38. Rh1 Bf6 39. Ba1 Nb3 40. Bb2 Rc5 41. Kd3
Rc4 42. Ne4 Rxe4 43. Kxe4 Bxb2 44. Rd1 Nc5+ 45. Kf5 Bxa3 46. Rd6 b4 47. Rxb6 b3
48. e4 b2 49. e5 a5 50. e6+ Ke7 51. Ke5 Bb4 52. f5 Nd7+ 0-1

[Event "77th Tata Steel GpB"]
[Site "Wijk aan Zee NED"]
[Date "2015.01.21"]
[Round "10.2"]
[White "Dale, Ari"]
[Black "Gunina, Valentina"]
[Result "1/2-1/2"]
[WhiteTitle "IM"]
[BlackTitle "GM"]
[WhiteElo "2291"]
[BlackElo "2538"]
[WhiteFideId "3213145"]
[BlackFideId "4167570"]
[EventDate "2015.01.10"]

1. d4 Nf6 2. c4 e6 3. Nc3 Bb4 4. e3 O-O 5. Bd3 c5 6. Ne2 Nc6 7. O-O d6 8. a3
Bxc3 9. bxc3 e5 10. f3 b6 11. Qe1 Ba6 12. d5 Na5 13. e4 Bxc4 14. Bxc4 Nxc4 15.
g4 b5 16. Ng3 Nd7 17. Nf5 Re8 18. h4 Nf8 19. h5 h6 20. g5 hxg5 21. h6 g6 22. Ng7
Nh7 23. Nxe8 Qxe8 24. a4 bxa4 25. Qe2 Na5 26. Qa6 Nb3 27. Rxa4 Nxc1 28. Rxc1 g4
29. Qxd6 gxf3 30. Ra2 Rd8 31. Qxc5 Qd7 32. Kh1 Ng5 33. Qe3 Qg4 34. Rg1 Qh4+ 35.
Rh2 Qxe4 36. h7+ Kg7 37. Qxe4 Nxe4 38. c4 Kh8 39. Ra1 g5 40. Rxa7 Rb8 41. Rha2
Rb1+ 42. Kh2 g4 43. Rxf7 g3+ 44. Kh3 Ng5+ 45. Kxg3 Nxf7 46. Kxf3 Kxh7 47. c5 Rc1
48. c6 Kg6 49. Ra7 Kf6 50. Rd7 Rc3+ 51. Ke2 e4 52. c7 Ne5 53. Rd6+ Kg5 54. Re6
Nf7 55. Rxe4 Rxc7 56. Kd3 Kf5 57. Ra4 Ne5+ 58. Ke3 Rc3+ 59. Ke2 Nc4 60. Ra8 Ke4
61. Re8+ Kxd5 62. Rd8+ Ke4 63. Re8+ Ne5 64. Kd2 Rc7 65. Re6 Rh7 66. Re8 Rh3 67.
Kc2 Rg3 68. Kd2 Rd3+ 69. Kc2 Rd5 70. Rh8 Nf3 71. Kc3 Rc5+ 72. Kb4 Rc7 73. Re8+
Kd3 74. Rh8 Rc4+ 75. Kb5 Nd4+ 76. Kb6 Rc6+ 77. Kb7 Rg6 78. Rh3+ Kc4 79. Rh1 Rg7+
80. Kb6 Rf7 81. Rc1+ Kd5 82. Rh1 Rf6+ 83. Kb7 Rf2 84. Rd1 Rc2 85. Kb6 Rc4 86.
Kb7 Kd6 87. Rh1 Ne6 88. Rh6 Rc1 89. Kb6 Rb1+ 90. Ka5 Rb8 91. Ka4 Kd5 92. Rh5+
Kc4 93. Rh4+ Nd4 94. Ka5 Rb1 95. Ka6 Kd5 96. Rh5+ Kd6 97. Rh6+ Ne6 98. Ka5 Kc5
99. Rh5+ Kc6 100. Rh6 1/2-1/2